Statistics for NBA All star players

Click here to take the quiz!

General Stats

  • This quiz has been taken 55 times
  • The average score is 109 of 434

Answer Stats

Number of selectionsPlayer1st SelectionLast Selection% Correct
16LeBron James20052020
98%
14Michael Jordan19852003
93%
1DeAndre Jordan20172017
90%
18Kobe Bryant19982016
90%
10Kevin Durant20102019
79%
19Kareem Abdul-Jabbar19701989
76%
6Stephen Curry20142019
76%
2David West20082009
71%
14Jerry West19611973
71%
15Shaquille O'Neal19932009
71%
15Tim Duncan19982015
71%
6Kyrie Irving20132019
69%
4Giannis Antetokounmpo20172020
67%
13Dwyane Wade20052019
64%
11Julius Erving19771987
64%
12Larry Bird19801992
64%
6Tony Parker20062014
64%
13Wilt Chamberlain19601973
64%
10Chris Paul20082020
62%
14Dirk Nowitzki20022019
62%
8James Harden20132020
62%
2Jeff Malone19861987
62%
14Karl Malone19882002
62%
12Magic Johnson19801992
62%
12Moses Malone19751989
62%
9Russell Westbrook20112020
62%
12Bill Russell19581969
60%
6Jermaine O'neal20022007
60%
11Allen Iverson20002010
57%
7Anthony Davis20142020
57%
1Antonio Davis20012001
57%
2Baron Davis20022004
57%
1Campy Russell19791979
57%
1Cazzie Russell19721972
57%
1Dale Davis20002000
57%
5Damian Lillard20142020
57%
1D'Angelo Russell20192019
57%
4Kawhi Leonard20162020
57%
7Scottie Pippen19901997
57%
6Walter Davis19781987
57%
1A.C. Green19901990
55%
3Draymond Green20162018
55%
4Johnny Green19621971
55%
10John Stockton19892000
55%
15Kevin Garnett19972013
55%
5Klay Thompson20152019
55%
1Luka Doncic20202020
55%
6Paul George20132019
55%
1Rickey Green19841984
55%
4David Thompson19771983
52%
3Deron Williams20102012
52%
2Isaiah Thomas20162017
52%
12Isiah Thomas19821993
52%
2Jack George19561957
52%
10Paul Pierce20022012
52%
1Ricky Pierce19911991
52%
1Rudy Gobert20202020
52%
3Buck Williams19821986
50%
10Carmelo Anthony20072017
50%
5Dennis Johnson19791985
50%
2Dennis Rodman19901992
50%
2Eddie Johnson19801981
50%
5Gus Johnson19651971
50%
2Gus Williams19821983
50%
12Hakeem Olajuwon19851997
50%
1Jayson Williams19981998
50%
7Joe Johnson20072014
50%
2John Johnson19711972
50%
3kevin Johnson19901994
50%
2Larry Johnson19931995
50%
3Marc Gasol20122017
50%
5Marques Johnson19791986
50%
1Mo Williams20092009
50%
6Pau Gasol20062016
50%
6Blake Griffin20112019
48%
11Chris Bosh20062016
48%
10David Robinson19902001
48%
3Derrick Rose20102012
48%
2Emanuel Ginobili20052011
48%
1Jayson Tatum20202020
48%
10Ray Allen20002011
48%
1Austin Carr19741974
45%
1Clifford Robinson19941994
45%
11Elgin Baylor19591970
45%
1Flynn Robinson19701970
45%
2Glenn Robinson20002001
45%
5John Wall20142018
45%
2Leonard Robinson19781981
45%
8Vince Carter20002007
45%
4Alvin Robertson19861991
43%
11Bob Pettit19551965
43%
1Fred Brown19761976
43%
2Nikola Jokic20192020
43%
12Oscar Robertson19611972
43%
11Patrick Ewing19861997
43%
8Steve Nash20022012
43%
8Yao Ming20032011
43%
11Charles Barkley19871997
40%
1Devin Booker20202020
40%
8Dwight Howard20072014
40%
10Jason Kidd19962010
40%
5Jimmy Butler20152020
40%
3Joel Embiid20182020
40%
1Josh Howard20072007
40%
1Juwan Howard19961996
40%
13Bob Cousy19511963
38%
2Bradley Beal20182019
38%
2Caron Butler20072008
38%
1Damantas Sabonis20202020
38%
4DeMar DeRozan20142018
38%
1Donovan Mitchell20202020
38%
5Kevin Love20112018
38%
6Kyle Lowry20152020
38%
7Tracy McGrady20012007
38%
1Trae Young20202020
38%
1Adrian Smith19661966
36%
5Al Horford20102018
36%
4Ben Wallace20032006
36%
3Bob Love19711973
36%
10Clyde Drexler19861997
36%
8Dikembe Mutombo19922002
36%
9Dominique Wilkins19861994
36%
1Gerald Wallace20102010
36%
2Karl-Anthony Towns20182019
36%
9Lenny Wilkens19631973
36%
1Mike Mitchell19811981
36%
2Phil Smith19761977
36%
2Randy Smith19761978
36%
4Rasheed Wallace20002008
36%
1Steve Smith19981998
36%
2Ben Simmons20192020
33%
4Bobby Jones19771982
33%
4DeMarcus Cousins20152018
33%
3Eddie Jones19972000
33%
9Gary Payton19942003
33%
7Kevin McHale19841991
33%
1Lucious Jackson19651965
33%
1Mark Jackson19891989
33%
4Penny Hardaway19951998
33%
9Robert Parish19811991
33%
5Sam Jones19621968
33%
1Steve Jackson19881988
33%
5Tim Hardaway19911998
33%
3Antoine Walker19982003
31%
2Bill Walton19771978
31%
5Chauncey Billups20062010
31%
7Chet Walker19641974
31%
9George Gervin19771985
31%
7Grant Hill19952005
31%
2Jimmy walker19701972
31%
13John Havlicek19661978
31%
4Kemba Walker20172020
31%
7LaMarcus Aldridge20122019
31%
4Rajon Rondo20102013
31%
1Tyrone Hill19951995
31%
6Amar'e Stoudemire20052011
29%
2Brad Miller20032004
29%
5Chris Webber19972003
29%
8Dave Cowens19721980
29%
1Devin Harris20092009
29%
12Elvin Hayes19691980
29%
4George Mikan19511954
29%
1Goran Dragic20182018
29%
7James Worthy19861992
29%
2Joakim Noah20132014
29%
7Jo Jo White19711977
29%
2Khris Middleton20192020
29%
1Kristaps Porzingis20182018
29%
5Pete Maravich19731979
29%
5Reggie miller19902000
29%
8Rick Barry19661978
29%
7Walt Frazier19701976
29%
7Willis Reed19651971
29%
8Alex English19821989
26%
7Alonzo Mourning19942002
26%
1Alvan Adams19761976
26%
4Bernard King19821991
26%
5Chris Mullin19891993
26%
10Hal Greer19611970
26%
1Jim King19681968
26%
1Jrue Holiday20132013
26%
1Kenyon Martin20042004
26%
1Metta World Peace20042004
26%
1Michael Adams19921992
26%
1Pascal Siakam20202020
26%
6Shawn Kemp19931998
26%
7Slater Martin19531959
26%
2Andre Drummond20162018
24%
1Andre Iguodala20122012
24%
4Bill Laimbeer19831987
24%
8Bob Lanier19721982
24%
8Dave DeBusschere19661974
24%
12Dolph Schayes19511962
24%
3Gilbert Arenas20052007
24%
3Glen Rice19961998
24%
6Joe Dumars19901997
24%
1Kyle Korver20152015
24%
4Latrell Sprewell19942001
24%
1Michael Redd20042004
24%
1Ron Artest20042004
24%
6Adrian Dantley19801986
21%
6Artis Gilmore19781986
21%
1Bob Boozer19681968
21%
5Bob McAdoo19741978
21%
2Carlos Boozer20072008
21%
3Charlie Scott19731975
21%
1Clyde Lee19681968
21%
2David lee20102013
21%
2Elton Brand20022006
21%
1Horace Grant19941994
21%
1Jeff Teague20152015
21%
3Johnny Kerr19561963
21%
4Micheal Ray Richardson19801985
21%
1Nikola Vucevic20192019
21%
10Paul Arizin19511962
21%
3Peja Stojakovic20022004
21%
3Rcihard Hamilton20062008
21%
4Shawn Marion20032007
21%
6Tom Heinsohn19571965
21%
1Tyson Chandler20132013
21%
2Victor Oladipo20182019
21%
5Wes Unseld19691975
21%
2Zach Randolph20102013
21%
2Zydrunas Ilgauskas20032005
21%
2Allan Houston20002001
19%
2Antawn Jamison20052008
19%
8Bill Sharmen19531960
19%
1Brandon Ingram20202020
19%
1Brook Lopez20132013
19%
1Charles Oakley19941994
19%
1Dale Ellis19891989
19%
4Earl Monroe19691977
19%
1Jeff Hornacek19921992
19%
7Jerry Lucas19641971
19%
1Jim Price19751975
19%
1Kenny Anderson19941994
19%
4Mark Price19891994
19%
4Maurice Lucas19771983
19%
6Mitch Richmond19931998
19%
6Nate Archibald19731982
19%
7Nate Thurmond19651974
19%
4Paul Millsap20142017
19%
4Ralph Sampson19841987
19%
4Rolando Blackman19851990
19%
2Terry Porter19911993
19%
1Vlade Divac20012001
19%
1Andreï Kirilenko20042004
17%
1Bill Bradley19731973
17%
3Brandon Roy20082010
17%
7Dave Bing19681976
17%
5Gail Goodrich19691975
17%
1Gordon Hayward20172017
17%
1John Starks19941994
17%
1Kevin Willis19921992
17%
3Mark Aguirre19841988
17%
5Sidney Moncrief19821986
17%
3Steve Francis20022004
17%
1Andrew Bynum20122012
14%
1Anthony Mason20012001
14%
1Bam Adebayo20202020
14%
1Bill Cartwright19801980
14%
4Billy Cunningham19691972
14%
1Christian Laettner19971997
14%
4Connie Hawkins19701973
14%
1Danny Ainge19881988
14%
3Detlef Schrempf19931997
14%
7Ed Macauley19511957
14%
2Fat Lever19881990
14%
1Hersey Hawkins19911991
14%
7Jack Sikma19791985
14%
1Jameer Nelson20092009
14%
1Lloyd Free19801980
14%
1Mark Eaton19891989
14%
4Maurice Cheeks19831988
14%
2Rashard Lewis20052009
14%
1Reggie Lewis19921992
14%
1Sam Cassell20042004
14%
1Jamaal Magloire20042004
12%
1Jamal Mashburn20032003
12%
2Kiki Vandeweghe19831984
12%
3Larry Nance19851993
12%
2Michael Finley20002001
12%
5Paul Westphal19771981
12%
6Richie Guerin19581963
12%
2Roy Hibbert20122014
12%
1Shareef Abdur-Rahim20022002
12%
4Walt Bellamy19621965
12%
3Bill Bridges19671970
10%
4Bob Davies19511954
10%
3Dan Majerle19921995
10%
1Danny Granger20092009
10%
2Danny Manning19931994
10%
1Derrick Coleman19941994
10%
1Doc Rivers19881988
10%
4Doug Collins19761979
10%
1Jack Coleman19551955
10%
3Jamaal Wilkes19761983
10%
2Jerry Stackhouse20002001
10%
8Larry Foust19511959
10%
2Luol Deng20122013
10%
1Otis Thorpe19921992
10%
2Paul Silas19721975
10%
5Rudy Tomjanovich19741979
10%
2Sean Elliott19931996
10%
4Spencer Haywood19721975
10%
2Stephon Marbury20012003
10%
2Terrell Brandon19961997
10%
2Terry Cummings19851989
10%
1Theo Ratliff20012001
10%
4Tom Chambers19871991
10%
6Vern Mikkelsen19511957
10%
1Xavier McDaniel19881988
10%
5Andy Phillip19511955
7%
6Bailey Howell19611967
7%
1Billy Knight19771977
7%
1B.J. Armstrong19941994
7%
5Brad Daugherty19881993
7%
1Calvin Murphy19791979
7%
1Chris Kaman20102010
7%
1Dan Issel19771977
7%
1Dick Barnett19681968
7%
7Dick McGuire19511959
7%
3Dick Van Arsdale19691971
7%
1Eric Floyd19871987
7%
2Frank Brian19511952
7%
3George McGinnis19761979
7%
6George Yardley19551960
7%
4Guy Rodgers198631967
7%
7Harry Gallatin19511957
7%
6Jake Twyman19571963
7%
3Jeff Mullins19691971
7%
2Joe Fulks19511952
7%
2Kelly Tripucka19821984
7%
1Kermit Washington19801980
7%
2Kevin Duckworth19891991
7%
6Lou Hudson19691974
7%
1Mehmet Okur20072007
7%
1Nick Van Exel19981998
7%
2Reggie Theus19811983
7%
1Rik Smits19981998
7%
3Tom Van Arsdale19701972
7%
4Vin Baker19951998
7%
1Wally Szczerbiak20022002
7%
5Wayne Embry19611965
7%
1Antonio McDyess20012001
5%
2Archie Clark19511972
5%
4Bob Dandridge19731979
5%
1Butch Beard19721972
5%
1Cedric Ceballos19951995
5%
5Cliff Hagan19581962
5%
1Dana Barros19951995
5%
3Dan Roundfield19801982
5%
5Gene Shue19581962
5%
2Jack marin19721972
5%
2Jeff Ruland19841985
5%
1Jeff Ruland19841984
5%
2Jerry Sloan19671969
5%
4Jim Pollard19511955
5%
2John Drew19761980
5%
1Lonnie Shelton19821982
5%
2Norm Nixon19821985
5%
3Norm Van Lier19741977
5%
3Phil Chenier19741977
5%
1Ralph Beard19511951
5%
2Roy Hundley19601961
5%
1Sam Lacey19751975
5%
4Sidney Wicks19721975
5%
5Tom Gola19601964
5%
1Tom Gugliotta19971997
5%
2Walt Dukes19601961
5%
4Willie Naulls19581962
5%
2Zelmo Beaty19661968
5%
1Alex Groza19511951
2%
2Andrew Toney19831984
2%
4Arnie Risen19521955
2%
1Bob Harrison19561956
2%
1Calvin Natt19851985
2%
5Carl Braun19531957
2%
1Chris Gatling19971997
2%
1Chuck Noble19601960
2%
4Clyde Lovellette19561961
2%
1Darrall Imhoff19671967
2%
4Dick Garmaker19571960
2%
2Dike Eddleman19511952
2%
1Don Buse19771977
2%
2Don Kojis19681969
2%
5Don Ohl19631967
2%
1Eddie Miles19661966
2%
2Frank Selvy19551962
2%
1Fred Schaus19511951
2%
2Geoff Petrie19711974
2%
1James Donaldson19881988
2%
2Jim Paxson19831984
2%
1Joe Barry Carroll19871987
2%
2Joe Cladwell19691970
2%
2Kenny Sears19581959
2%
6Larry Costello19581965
2%
2Larry Kenon19781979
2%
4Mel hutchins19531957
2%
1Mookie Baylock19941994
2%
6Neil Johnston19531958
2%
4Otis Birdsong19791984
2%
1Ray Felix19541954
2%
2Red Rocha19511952
2%
5Rudy LaRusso19621969
2%
1Steve Mix19751975
2%
3Terry Dischinger19631965
2%
1Vince Boryla19511951
2%
1Walt hazzard19681968
2%
1Billy Gabor19531953
0%
5Bobby Wanzer19521956
0%
3Bob Kauffman19711973
0%
1Bob Rule19701970
0%
2Brian Winters19761978
0%
1Curtis Rowe19761976
0%
1Don Barksdale19531953
0%
1Don Sunderlage19541954
0%
2Fred Scolari19521953
0%
1John Block19731973
0%
1Jon McGlocklin19691969
0%
1Lee Shaffer19631963
0%
1Len Chappell19641964
0%
2Leo Barnhorst19521953
0%
1Lionel Hollins19781978
0%
3Maurice Stokes19561958
0%
1Max Zaslofsky19521952
0%
1Nat Clifton19571957
0%
3Paul Seymour19531955
0%
1Paul Walther19501950
0%
1Richie Regan19571957
0%
1Scott Wedman19761976
0%
2Scott Wedman19761980
0%
1Tom Meschery19631963
0%
1Woody Sauldsberry19591959
0%

Score Distribution

Percentile by Number Answered

Percent of People with Each Score

Your Score History

You have not taken this quiz